| 000 | 00372nam a2200145Ia 4500 | ||
|---|---|---|---|
| 008 | 230312s9999||||xx |||||||||||||| ||und|| | ||
| 020 | _a978-9332549371 | ||
| 082 |
_a660.63 _bSHU-B |
||
| 100 | _aShuler;Michael.L | ||
| 245 | 0 | _aBioprocess Engineering Basic Concepts | |
| 260 |
_bPearsons _aIndia _c2018 |
||
| 300 | _a553 | ||
| 650 |
_aEngineering _vElectical |
||
| 942 | _cBK | ||
| 999 |
_c13886 _d13886 |
||